00721nam a2200181Ia 450000500170000000800390001702000180005608200190007410000160009324500400010926000170014930000140016652001940018065000250037494200120039999900190041195201090043020260302160847.0260302s9999 xx 000 0 und d a9780761997702 a338.92609bCOH aCohen, Goel 0aTechnology Transfer / cCohen, Goel bSAGE, c2004 a176 pages aThis book identifies the major factors responsible for effective transfer of information and human expertise from an advanced country or a multinational corporation to the developing world. aBusiness & Economics cENGLISH c616597d616597 00104070aACLbACLc4Ad2026-03-02l0o338.92609 COHp159826r2026-03-02 16:08:47w2026-03-02yENGLISH